00504nam a2200169Ia 450000500170000000800410001702000150005808200130007310000190008624500320010526000400013730000130017750000260019094200060021695200970022299900150031920250627014934.0240331s9999 xx 000 0 und d a9552063574 bSAMa362 aSamarasinghe,A 0aKanthawa ha kantha athawara aColombobS. Godage & Brothersc2007 a282 p ., aA book on Women Abuse cL 001040708LaWERCLbWERCLcSSCd2024-03-31l0o 362.8 SAMp6217r2024-03-31w2024-03-31yL c5233d5233